[Event "15. Sueder Sommerpokal 2005"]
[Site "Recklinghausen GER"]
[Date "2005.08.04"]
[Round "4.20"]
[White "Woller, Rainer"]
[Black "Kappler, Thomas"]
[Result "1-0"]
[WhiteElo "2196"]
[BlackElo "1688"]
[PlyCount "105"]
[EventDate "2005.08.01"]
[EventType "swiss"]
[EventRounds "9"]
[EventCountry "GER"]
[Source "lmi"]
[SourceDate "2005.08.04"]

1. e4 d5 2. exd5 Nf6 3. d4 Nxd5 4. Nf3 e6 5. c4 Nf6 6. Nc3 c5 7. d5 exd5 8.
cxd5 Bd6 9. Be2 O-O 10. O-O a6 11. a4 Bf5 12. Nd2 Qc7 13. h3 Nbd7 14. Nc4 Nb6
15. Ne3 Bg6 16. a5 Nbd7 17. Ra4 Rad8 18. f4 h6 19. Nc4 Rfe8 20. f5 Bh7 21. Nxd6
Qxd6 22. Bf4 Ne5 23. Bc4 Bxf5 24. Bxh6 Nxc4 25. Bc1 Ne3 26. Bxe3 Rxe3 27. Rxf5
Rde8 28. Qd2 Qd7 29. Raf4 R3e5 30. Rxe5 Rxe5 31. Rf1 Ne8 32. Re1 Rxe1+ 33. Qxe1
Nd6 34. Qh4 Qc7 35. Qf4 Qe7 36. Kh2 Kf8 37. Na4 g5 38. Qg3 Ne4 39. Qb8+ Kg7 40.
Nb6 Qd6+ 41. Qxd6 Nxd6 42. b3 Kf6 43. Nc4 Ke7 44. Kg3 f6 45. Kg4 Nb5 46. g3 Nd4
47. h4 gxh4 48. gxh4 Nxb3 49. Kf5 Nd4+ 50. Kg6 f5 51. h5 f4 52. h6 Nf3 53. h7
1-0

[Event "15. Sueder Sommerpokal 2005"]
[Site "Recklinghausen GER"]
[Date "2005.08.04"]
[Round "4.22"]
[White "Litwak, Aleksej"]
[Black "Bashylin, Seva"]
[Result "1-0"]
[WhiteElo "2168"]
[BlackElo "1362"]
[PlyCount "41"]
[EventDate "2005.08.01"]
[EventType "swiss"]
[EventRounds "9"]
[EventCountry "GER"]
[Source "lmi"]
[SourceDate "2005.08.04"]

1. e4 e6 2. d4 d5 3. Nd2 dxe4 4. Nxe4 Bd7 5. Nf3 Bc6 6. Bd3 Nf6 7. Qe2 Nxe4 8.
Bxe4 Bxe4 9. Qxe4 Nc6 10. Bf4 Bd6 11. d5 Nb4 12. dxe6 Nxc2+ 13. Qxc2 Bxf4 14.
Qa4+ c6 15. exf7+ Kf8 16. Qxf4 Qa5+ 17. b4 Qd5 18. O-O h5 19. Rad1 Qxa2 20. Rd7
Qa6 21. Qd6# 1-0

[Event "15. Sueder Sommerpokal 2005"]
[Site "Recklinghausen GER"]
[Date "2005.08.04"]
[Round "4.23"]
[White "Band, Rüdiger"]
[Black "Riesenbeck, Marten"]
[Result "1-0"]
[WhiteElo "2020"]
[BlackElo "1647"]
[PlyCount "53"]
[EventDate "2005.08.01"]
[EventType "swiss"]
[EventRounds "9"]
[EventCountry "GER"]
[Source "lmi"]
[SourceDate "2005.08.04"]

1. e4 e6 2. d4 d5 3. Nd2 Nf6 4. e5 Nfd7 5. Ngf3 c5 6. c3 Qb6 7. Bd3 Nc6 8. O-O
cxd4 9. cxd4 Nxd4 10. Nxd4 Qxd4 11. Nf3 Qb6 12. Qc2 g6 13. Be3 Qc6 14. Qe2 Bc5
15. Rac1 Qb6 16. Bh6 Bd4 17. Nxd4 Qxd4 18. Bb5 a6 19. Rfd1 Qb4 20. Bxd7+ Bxd7
21. Rc7 Qb6 22. Rc3 Rc8 23. Rf3 Bc6 24. Rxf7 Ba4 25. Qf3 Bxd1 26. Qf6 Qb4 27.
Qxe6+ 1-0

[Event "15. Sueder Sommerpokal 2005"]
[Site "Recklinghausen GER"]
[Date "2005.08.04"]
[Round "4.24"]
[White "Nebel, Rudi"]
[Black "Rebber, Christian"]
[Result "0-1"]
[WhiteElo "1598"]
[BlackElo "2108"]
[PlyCount "44"]
[EventDate "2005.08.01"]
[EventType "swiss"]
[EventRounds "9"]
[EventCountry "GER"]
[Source "lmi"]
[SourceDate "2005.08.04"]

1. d4 Nf6 2. c4 e5 3. d5 Bc5 4. e3 d6 5. Ne2 c6 6. Nbc3 O-O 7. Ng3 cxd5 8. cxd5
a6 9. Nge4 Nxe4 10. Nxe4 Bb4+ 11. Bd2 Bxd2+ 12. Qxd2 f5 13. Nc3 b5 14. a3 Nd7
15. Be2 Bb7 16. O-O Nc5 17. Rad1 Rc8 18. g3 f4 19. Bf3 e4 20. Nxe4 Nxe4 21.
Bxe4 f3 22. Qd3 Qd7 0-1

[Event "15. Sueder Sommerpokal 2005"]
[Site "Recklinghausen GER"]
[Date "2005.08.04"]
[Round "4.25"]
[White "Stahl, Matthias"]
[Black "Wachovius, Hans-Werner"]
[Result "1-0"]
[WhiteElo "1595"]
[BlackElo "2027"]
[PlyCount "121"]
[EventDate "2005.08.01"]
[EventType "swiss"]
[EventRounds "9"]
[EventCountry "GER"]
[Source "lmi"]
[SourceDate "2005.08.04"]

1. e4 e6 2. d4 d5 3. Nc3 dxe4 4. Nxe4 Bd7 5. Bd3 Bc6 6. Nf3 Bxe4 7. Bxe4 c6 8.
O-O Nf6 9. Bg5 Nbd7 10. Qe2 Bd6 11. c4 Qc7 12. d5 h6 13. Bxf6 Nxf6 14. dxe6
O-O-O 15. exf7 Qxf7 16. Bf5+ Kb8 17. Qc2 g5 18. Rfe1 Qh5 19. Bg6 Qg4 20. Qf5
Qxf5 21. Bxf5 Rhe8 22. Rad1 Rxe1+ 23. Rxe1 Bb4 24. Rc1 g4 25. Ne5 Rd2 26. a3
Bc5 27. Nd3 Bd4 28. Rb1 Ne8 29. c5 Ng7 30. Bh7 Ne6 31. b4 a6 32. Kf1 Ra2 33.
Rb3 Ra1+ 34. Ke2 Bf6 35. Ke3 Nd4 36. Rb2 Rxa3 37. Ke4 Ne6 38. Bg8 Bxb2 39. Bxe6
Bc3 40. Bxg4 Bxb4 41. f4 Bc3 42. Ne5 Bxe5 43. Kxe5 Kc7 44. f5 Re3+ 45. Kf6 Kd8
46. Kg7 Re5 47. Kxh6 Ke8 48. Kg7 Re7+ 49. Kg8 Re5 50. Bh5+ Ke7 51. Bg6 Kf6 52.
g4 Rd5 53. h4 Rd8+ 54. Kh7 a5 55. g5+ Ke5 56. f6 a4 57. Bf7 a3 58. Kg6 Rd2 59.
Bb3 a2 60. Bxa2 Rxa2 61. f7 1-0

[Event "15. Sueder Sommerpokal 2005"]
[Site "Recklinghausen GER"]
[Date "2005.08.04"]
[Round "4.26"]
[White "Maibaum, Ludwig"]
[Black "Simon, Roland"]
[Result "0-1"]
[WhiteElo "1566"]
[BlackElo "1877"]
[PlyCount "82"]
[EventDate "2005.08.01"]
[EventType "swiss"]
[EventRounds "9"]
[EventCountry "GER"]
[Source "lmi"]
[SourceDate "2005.08.04"]

1. c4 e6 2. d4 d5 3. Nc3 Be7 4. Nf3 Nf6 5. Bg5 Nbd7 6. e3 O-O 7. Qc2 dxc4 8.
Bxc4 a6 9. a4 b6 10. O-O Bb7 11. e4 Ne8 12. Bxe7 Qxe7 13. Qe2 Nd6 14. Bd3 e5
15. Nd5 Bxd5 16. exd5 e4 17. Bc2 Qf6 18. Ne5 Nxe5 19. dxe5 Qxe5 20. Bb3 a5 21.
Rac1 Nb7 22. Rc3 Nc5 23. Rd1 Rad8 24. Ba2 Nxa4 25. Re3 Nc5 26. f3 Rfe8 27. Re1
Rd6 28. fxe4 Rf6 29. Bb1 Rd6 30. Ba2 Re7 31. Qg4 Re8 32. R1e2 g6 33. Bb1 Qd4
34. Qh4 f5 35. Qf2 fxe4 36. Bxe4 Nxe4 37. Qf4 Rf6 38. Qxc7 Nc5 39. Qg3 Rxe3 40.
Qxe3 Qxe3+ 41. Rxe3 Rd6 0-1

[Event "15. Sueder Sommerpokal 2005"]
[Site "Recklinghausen GER"]
[Date "2005.08.04"]
[Round "4.27"]
[White "Bastians, Felix"]
[Black "Lange, Hans-Werner"]
[Result "1-0"]
[WhiteElo "1865"]
[BlackElo "1589"]
[PlyCount "79"]
[EventDate "2005.08.01"]
[EventType "swiss"]
[EventRounds "9"]
[EventCountry "GER"]
[Source "lmi"]
[SourceDate "2005.08.04"]

1. e4 d6 2. d4 Nf6 3. Nc3 g6 4. g3 Bg7 5. Bg2 O-O 6. Nge2 Nc6 7. O-O e5 8. d5
Ne7 9. f4 exf4 10. gxf4 Ng4 11. Nd4 c5 12. Nf3 f5 13. h3 Nh6 14. e5 a6 15. a4
Rb8 16. a5 b6 17. axb6 Rxb6 18. Na4 Rb8 19. c4 Kh8 20. Qe2 Nf7 21. Re1 Ng8 22.
e6 Re8 23. exf7 Rxe2 24. fxg8=Q+ Kxg8 25. Rxe2 h6 26. Be3 Rb3 27. Bf2 Bd7 28.
Nc3 Bxc3 29. bxc3 Rxc3 30. Rxa6 Be8 31. Bh4 g5 32. fxg5 Rxf3 33. Bxf3 hxg5 34.
Be1 Bf7 35. Rea2 Qf6 36. R2a3 Kh7 37. Bc3 Qg6 38. Ra8 Bg8 39. R3a7+ Kh6 40. Rg7
1-0

[Event "15. Sueder Sommerpokal 2005"]
[Site "Recklinghausen GER"]
[Date "2005.08.04"]
[Round "4.28"]
[White "Sharma, Danesh"]
[Black "Kitis, Peter"]
[Result "1-0"]
[WhiteElo "1746"]
[BlackElo "1578"]
[PlyCount "63"]
[EventDate "2005.08.01"]
[EventType "swiss"]
[EventRounds "9"]
[EventCountry "GER"]
[Source "lmi"]
[SourceDate "2005.08.04"]

1. e4 c5 2. c3 d5 3. exd5 Qxd5 4. d4 Nc6 5. Nf3 Bg4 6. Be2 Nf6 7. O-O e6 8. h3
Bh5 9. Be3 cxd4 10. cxd4 Be7 11. Nc3 Qd7 12. Bb5 Qc7 13. g4 Bg6 14. Ne5 Nd5 15.
Nxd5 exd5 16. Rc1 h5 17. Nxc6 Kf8 18. Ne5 Qd6 19. Bf4 Qe6 20. Re1 Be4 21. Rxe4
dxe4 22. d5 Qc8 23. Rxc8+ Rxc8 24. d6 Bf6 25. d7 Rd8 26. Nxf7 g5 27. Nxh8 gxf4
28. Qd6+ Kg7 29. g5 Kxh8 30. Qxf6+ Kh7 31. Qh6+ Kg8 32. Bc4# 1-0

[Event "15. Sueder Sommerpokal 2005"]
[Site "Recklinghausen GER"]
[Date "2005.08.04"]
[Round "4.29"]
[White "Kuhn, Oliver"]
[Black "Langers, Alexander"]
[Result "0-1"]
[WhiteElo "1466"]
[BlackElo "1734"]
[PlyCount "134"]
[EventDate "2005.08.01"]
[EventType "swiss"]
[EventRounds "9"]
[EventCountry "GER"]
[Source "lmi"]
[SourceDate "2005.08.04"]

1. e4 c5 2. Nf3 d6 3. c3 Nf6 4. e5 dxe5 5. Nxe5 e6 6. Bb5+ Bd7 7. Bxd7+ Nbxd7
8. Nxd7 Qxd7 9. O-O Bd6 10. Na3 O-O 11. Nc4 Bc7 12. f4 Rad8 13. Rf3 b5 14. Ne3
Ne4 15. Nf1 c4 16. Qe2 Bb6+ 17. Kh1 Nc5 18. Rb1 Qd5 19. Qd1 Nd3 20. Qe2 e5 21.
Ne3 Bxe3 22. dxe3 Nxc1 23. Rxc1 Qd2 24. Qxd2 Rxd2 25. b4 Rxa2 26. fxe5 Rd8 27.
Rf5 g6 28. Rf6 Rdd2 29. e6 fxe6 30. Rxe6 Rxg2 31. Rd1 Rxh2+ 32. Kg1 Rhg2+ 33.
Kf1 Rgd2 34. Rxd2 Rxd2 35. Ra6 Rd3 36. Rxa7 Rxe3 37. Rb7 Rxc3 38. Rxb5 Rc2 39.
Rc5 Kg7 40. b5 Rb2 41. Rxc4 Rxb5 42. Kg2 h5 43. Kg3 Kh6 44. Kh4 g5+ 45. Kg3
Rb3+ 46. Kg2 h4 47. Kh2 Rf3 48. Kg2 Rf4 49. Rc3 Kh5 50. Kh2 Kg4 51. Kg2 h3+ 52.
Kh2 Rf2+ 53. Kh1 Kh4 54. Rd3 g4 55. Rd4 Kg3 56. Rd3+ Rf3 57. Rd1 h2 58. Re1 Kf2
59. Rc1 Rh3 60. Rc2+ Ke1 61. Rf2 Rf3 62. Rxh2 Rf1+ 63. Kg2 Rf2+ 64. Kg3 Rxh2
65. Kxh2 Kf2 66. Kh1 Kg3 67. Kg1 Kh3 0-1

[Event "15. Sueder Sommerpokal 2005"]
[Site "Recklinghausen GER"]
[Date "2005.08.04"]
[Round "4.30"]
[White "Kühneweg, Christian"]
[Black "Reinholz, Benjamin"]
[Result "0-1"]
[WhiteElo "1496"]
[BlackElo "1712"]
[PlyCount "54"]
[EventDate "2005.08.01"]
[EventType "swiss"]
[EventRounds "9"]
[EventCountry "GER"]
[Source "lmi"]
[SourceDate "2005.08.04"]

1. d4 Nf6 2. c4 d5 3. Nf3 Bf5 4. e3 e6 5. Nc3 Bb4 6. Qb3 Bxc3+ 7. bxc3 b6 8.
cxd5 exd5 9. Ne5 O-O 10. Bb5 a6 11. Qa4 Bd7 12. Bxd7 Nbxd7 13. Nc6 b5 14. Qa5
Qe8 15. Ba3 Nb6 16. Bxf8 Qxc6 17. Bc5 Nc4 18. Qb4 Ne4 19. Be7 Re8 20. Bh4 Qh6
21. Be7 Nxe3 22. Ke2 Nc2 23. Qb2 Qd2+ 24. Kf3 Qxf2+ 25. Kg4 Ne3+ 26. Kh5 Qf5+
27. Kh4 Qg4# 0-1

[Event "15. Sueder Sommerpokal 2005"]
[Site "Recklinghausen GER"]
[Date "2005.08.04"]
[Round "4.31"]
[White "Senay, Baris"]
[Black "Kamper, Marco"]
[Result "1-0"]
[WhiteElo "1659"]
[BlackElo "1543"]
[PlyCount "81"]
[EventDate "2005.08.01"]
[EventType "swiss"]
[EventRounds "9"]
[EventCountry "GER"]
[Source "lmi"]
[SourceDate "2005.08.04"]

1. e4 e6 2. d4 d5 3. Nc3 Nf6 4. e5 Nfd7 5. f4 c5 6. Nf3 Nc6 7. Be3 cxd4 8. Nxd4
a6 9. Qd2 Qc7 10. Be2 Nxd4 11. Bxd4 b5 12. a4 b4 13. Na2 a5 14. c3 bxc3 15.
Nxc3 Bb4 16. Rc1 Nc5 17. Bb5+ Bd7 18. Bxd7+ Kxd7 19. Bxc5 Qxc5 20. Kd1 Rac8 21.
Rf1 Bxc3 22. Rxc3 Qb4 23. Rff3 Rxc3 24. bxc3 Qxa4+ 25. Ke2 Qc4+ 26. Kf2 f6 27.
exf6 gxf6 28. f5 e5 29. Qh6 Qc5+ 30. Kg3 Rg8+ 31. Kh3 Qe7 32. Qd2 Qf7 33. g4
Ra8 34. Rd3 Kd6 35. Qg2 Ra7 36. Qb2 Qc7 37. Qb3 Rb7 38. Qxd5+ Ke7 39. Qe6+ Kf8
40. Qxf6+ Ke8 41. Qh8+ 1-0

[Event "15. Sueder Sommerpokal 2005"]
[Site "Recklinghausen GER"]
[Date "2005.08.04"]
[Round "4.32"]
[White "Kartsev, Alexandr"]
[Black "Mundorf, Johannes"]
[Result "1-0"]
[WhiteElo "1647"]
[BlackElo "1253"]
[PlyCount "87"]
[EventDate "2005.08.01"]
[EventType "swiss"]
[EventRounds "9"]
[EventCountry "GER"]
[Source "lmi"]
[SourceDate "2005.08.04"]

1. d4 d5 2. Nf3 Nf6 3. Bg5 Nc6 4. e3 Bf5 5. Bxf6 exf6 6. c4 Nb4 7. Na3 c6 8.
Qb3 Qa5 9. Nd2 Bd6 10. c5 Bc7 11. Be2 O-O 12. O-O Nc2 13. Rad1 Nxa3 14. bxa3 b6
15. Qb4 bxc5 16. Qxa5 Bxa5 17. Nb3 Bc7 18. Nxc5 Bd6 19. Rc1 Rfc8 20. a4 Rab8
21. Ba6 Rc7 22. Nb7 Ba3 23. Rc3 Bc8 24. Rxa3 Bxb7 25. Rb3 Kf8 26. Rfb1 Bxa6 27.
Rxb8+ Bc8 28. f3 f5 29. Kf2 Ke7 30. h3 h5 31. Kg3 g5 32. h4 f6 33. hxg5 fxg5
34. f4 Kf6 35. Kf3 h4 36. fxg5+ Kxg5 37. Ra8 Ba6 38. Rbb8 Bd3 39. Rg8+ Kh5 40.
Rh8+ Kg5 41. Rag8+ Kf6 42. Rh6+ Ke7 43. Rh7+ Kd6 44. Rg6# 1-0

[Event "15. Sueder Sommerpokal 2005"]
[Site "Recklinghausen GER"]
[Date "2005.08.04"]
[Round "4.33"]
[White "Bensch, Arnold Heinrich"]
[Black "Thiem, Simon"]
[Result "1-0"]
[WhiteElo "1632"]
[BlackElo "1155"]
[PlyCount "69"]
[EventDate "2005.08.01"]
[EventType "swiss"]
[EventRounds "9"]
[EventCountry "GER"]
[Source "lmi"]
[SourceDate "2005.08.04"]

1. d4 f5 2. c4 e6 3. Bd2 Nf6 4. Nf3 b6 5. a3 Bb7 6. Nc3 d6 7. Qc2 g6 8. h3 Nbd7
9. Ng5 Qe7 10. Nb5 Nb8 11. Nxe6 Na6 12. Nxf8 Rxf8 13. f3 Nd7 14. O-O-O Qg7 15.
g3 Rf6 16. d5 c6 17. dxc6 Bxc6 18. Nd4 Bb7 19. Bg5 Rf7 20. Ne6 Qe5 21. Nd4 Qxg3
22. Qd2 Qe5 23. Kb1 Rc8 24. Nb5 d5 25. Bf4 Qe6 26. Nd6+ Kd8 27. cxd5 Bxd5 28.
Nxf7+ Qxf7 29. Qxd5 Qe8 30. Bg5+ Kc7 31. Qd6+ Kb7 32. Qxd7+ Nc7 33. Bf4 Qg8 34.
Rc1 Qa2+ 35. Kxa2 1-0

[Event "15. Sueder Sommerpokal 2005"]
[Site "Recklinghausen GER"]
[Date "2005.08.04"]
[Round "4.34"]
[White "Rodig, Claus"]
[Black "Wrona, Manfred"]
[Result "0-1"]
[WhiteElo "1439"]
[BlackElo "1609"]
[PlyCount "105"]
[EventDate "2005.08.01"]
[EventType "swiss"]
[EventRounds "9"]
[EventCountry "GER"]
[Source "lmi"]
[SourceDate "2005.08.04"]

1. Nf3 g6 2. c4 Bg7 3. Nc3 c5 4. g3 Nc6 5. Bg2 e6 6. O-O Nge7 7. d3 O-O 8. e4
a6 9. Rb1 Nd4 10. Ne2 Nec6 11. Be3 d5 12. cxd5 exd5 13. exd5 Nxe2+ 14. Qxe2 Nd4
15. Nxd4 cxd4 16. Bf4 Re8 17. Qc2 Qa5 18. a3 Bd7 19. Rfc1 Rac8 20. Qd2 Qb5 21.
Rxc8 Rxc8 22. Re1 Qb3 23. Qe2 Bb5 24. Qe7 Bxd3 25. Qd7 Qc2 26. Qxb7 Bb5 27. Bd6
h5 28. h4 d3 29. Bb4 Bd4 30. Re4 Bxf2+ 31. Kh2 Qc7 32. Qxc7 Rxc7 33. Bc3 Bc5
34. Re1 Bxa3 35. Be5 Re7 36. Bc3 Rxe1 37. Bxe1 Bxb2 38. Be4 Be5 39. Kg2 f5 40.
Bf3 Kf8 41. Kf2 Bd4+ 42. Kg2 Ke7 43. Bb4+ Kd7 44. Bd1 Bb6 45. Kf3 Bc7 46. d6
Bxd6 47. Bxd6 Kxd6 48. Kf4 Ke7 49. Ke5 Kf7 50. Bb3+ Kg7 51. Kf4 Kf6 52. Bd1 a5
53. Ke3 0-1

[Event "15. Sueder Sommerpokal 2005"]
[Site "Recklinghausen GER"]
[Date "2005.08.04"]
[Round "4.35"]
[White "Denig, Friedrich"]
[Black "Rausch, Peter"]
[Result "1-0"]
[WhiteElo "2077"]
[BlackElo "1466"]
[PlyCount "65"]
[EventDate "2005.08.01"]
[EventType "swiss"]
[EventRounds "9"]
[EventCountry "GER"]
[Source "lmi"]
[SourceDate "2005.08.04"]

1. d4 Nf6 2. c4 g6 3. Nc3 d5 4. Nf3 Bg7 5. Bf4 O-O 6. e3 Nc6 7. Be2 dxc4 8.
Bxc4 a6 9. Rc1 b5 10. Bd3 Bg4 11. Ne4 Nb4 12. Nxf6+ Bxf6 13. Be4 Ra7 14. Qb3 a5
15. a3 Na6 16. Qxb5 Bxf3 17. Bxf3 c5 18. dxc5 e5 19. Bg3 Re8 20. O-O Nc7 21.
Qb6 Ra6 22. Qb7 Qe7 23. Be2 Raa8 24. b4 Reb8 25. Qe4 axb4 26. axb4 Ra4 27. Rc4
Na6 28. Rb1 Bg7 29. Bf1 f5 30. Qd5+ Kh8 31. Qd6 Qxd6 32. cxd6 Rd8 33. Bh4 1-0

[Event "15. Sueder Sommerpokal 2005"]
[Site "Recklinghausen GER"]
[Date "2005.08.04"]
[Round "4.36"]
[White "Deinert, Wolfgang"]
[Black "Bischof, Rainer"]
[Result "0-1"]
[WhiteElo "1951"]
[BlackElo "2020"]
[PlyCount "68"]
[EventDate "2005.08.01"]
[EventType "swiss"]
[EventRounds "9"]
[EventCountry "GER"]
[Source "lmi"]
[SourceDate "2005.08.04"]

1. e4 c6 2. d4 d5 3. Nc3 dxe4 4. Nxe4 Bf5 5. Ng3 Bg6 6. h4 h6 7. Nf3 Nf6 8. Ne5
Bh7 9. Bc4 e6 10. Qe2 Nd5 11. f4 Be7 12. f5 exf5 13. Bxh6 gxh6 14. Qh5 Bg6 15.
Nxg6 fxg6 16. Qxg6+ Kd7 17. Qxf5+ Kc7 18. O-O-O Rf8 19. Qh7 Rh8 20. Qe4 Nd7 21.
Nf5 N7f6 22. Qe6 Qd7 23. Bxd5 Nxd5 24. Qe5+ Bd6 25. Nxd6 Qxd6 26. Qe1 Rae8 27.
Qa5+ Kb8 28. Rh3 Re3 29. Rhh1 Qf4 30. Kb1 Re2 31. Rhf1 Qxh4 32. Qc5 Qe7 33. Qc4
Rg8 34. a3 Rgxg2 0-1

[Event "15. Sueder Sommerpokal 2005"]
[Site "Recklinghausen GER"]
[Date "2005.08.04"]
[Round "4.37"]
[White "Klees, Robert"]
[Black "Plotkin, Alex"]
[Result "0-1"]
[WhiteElo "1296"]
[BlackElo "1121"]
[PlyCount "98"]
[EventDate "2005.08.01"]
[EventType "swiss"]
[EventRounds "9"]
[EventCountry "GER"]
[Source "lmi"]
[SourceDate "2005.08.04"]

1. d4 f5 2. c4 Nf6 3. Nc3 g6 4. Nf3 Bg7 5. Bf4 O-O 6. e3 d6 7. Qb3 Qe8 8. c5+
Kh8 9. cxd6 cxd6 10. Be2 a6 11. O-O h6 12. h4 Nfd7 13. Nd5 Qf7 14. Bc4 b5 15.
Be2 e5 16. Bh2 Nc6 17. dxe5 dxe5 18. Nc7 Qxb3 19. axb3 Ra7 20. Nxb5 axb5 21.
Bxb5 Rxa1 22. Rxa1 Bb7 23. Rc1 Rc8 24. Rd1 Ncb8 25. Kf1 Rc7 26. Bg3 Ba6 27.
Bxa6 Nxa6 28. Rd6 Nac5 29. Rxg6 Nxb3 30. Re6 Rc1+ 31. Ke2 e4 32. Rd6 exf3+ 33.
gxf3 Ndc5 34. Rc6 Rc2+ 35. Kd1 Rc1+ 36. Ke2 Bxb2 37. Rxh6+ Kg7 38. Rc6 Bc3 39.
Rc7+ Kg6 40. Rc6+ Kh5 41. f4 Re1+ 42. Kf3 Ne4 43. Rc7 Rc1 44. Rh7+ Kg6 45. Rb7
Rb1 46. Rb6+ Bf6 47. Ke2 Nd4+ 48. exd4 Nxg3+ 49. fxg3 Rxb6 0-1

[Event "15. Sueder Sommerpokal 2005"]
[Site "Recklinghausen GER"]
[Date "2005.08.04"]
[Round "4.38"]
[White "Glahn, Michael"]
[Black "Berger, Nadja"]
[Result "1-0"]
[WhiteElo "1234"]
[BlackElo "771"]
[PlyCount "73"]
[EventDate "2005.08.01"]
[EventType "swiss"]
[EventRounds "9"]
[EventCountry "GER"]
[Source "lmi"]
[SourceDate "2005.08.04"]

1. e4 c5 2. Nf3 Nc6 3. Bb5 g6 4. Nc3 Bg7 5. d3 d6 6. O-O e6 7. Bg5 Nge7 8. Qd2
O-O 9. Bh6 Nd4 10. Nxd4 cxd4 11. Ne2 Qb6 12. Bxg7 Kxg7 13. a4 a6 14. Bc4 Qxb2
15. Rfb1 Qxb1+ 16. Rxb1 d5 17. exd5 exd5 18. Ba2 b5 19. Nxd4 Bd7 20. Qc3 Kg8
21. Qc7 Rfd8 22. Qd6 Nf5 23. Qe5 Nxd4 24. Qxd4 Rac8 25. Bb3 bxa4 26. Bxa4 Rb8
27. Rxb8 Rxb8 28. h3 Rb1+ 29. Kh2 Bxa4 30. Qxa4 Rb6 31. Qe8+ Kg7 32. Qe5+ Rf6
33. g4 h5 34. g5 Kh7 35. Qxf6 Kg8 36. Qxa6 d4 37. Qc4 1-0

[Event "15. Sueder Sommerpokal 2005"]
[Site "Recklinghausen GER"]
[Date "2005.08.05"]
[Round "5.1"]
[White "Savchenko, Vyacheslav"]
[Black "Mainka, Romuald"]
[Result "0-1"]
[WhiteElo "2387"]
[BlackElo "2446"]
[PlyCount "104"]
[EventDate "2005.08.01"]
[EventType "swiss"]
[EventRounds "9"]
[EventCountry "GER"]
[Source "lmi"]
[SourceDate "2005.08.06"]

1. d4 Nf6 2. Nf3 c5 3. e3 g6 4. Be2 Bg7 5. O-O O-O 6. b3 d5 7. Bb2 cxd4 8. exd4
Nc6 9. Ne5 Bf5 10. Nxc6 bxc6 11. Nc3 Qc7 12. Na4 h5 13. Re1 Rad8 14. Bf3 Rfe8
15. h3 Ne4 16. c4 Ng5 17. cxd5 cxd5 18. Be2 e5 19. Bb5 Re6 20. dxe5 d4 21. f4
d3 22. Qd2 Ne4 23. Qe3 d2 24. Red1 h4 25. Bd3 Rxd3 26. Qxd3 Rc6 27. Rxd2 Nxd2
28. Qxd2 Rc2 29. Rc1 Rxd2 30. Rxc7 Bh6 31. Rc4 g5 32. fxg5 Bxg5 33. Kh2 Be6 34.
Re4 Rc2 35. Bd4 Bf5 36. Re1 Bf4+ 37. Kg1 Bg3 38. Rf1 Bd3 39. Rd1 Be4 40. Nc5
Bxg2 41. e6 fxe6 42. Nxe6 Bf3 43. Ra1 Rh2 44. Kf1 Bg2+ 45. Ke2 Bxh3+ 46. Kf3
Bxe6 47. Bxa7 Kg7 48. Be3 Kf6 49. Rc1 Rxa2 50. b4 Ra3 51. b5 Bd5+ 52. Ke2 h3
0-1

[Event "15. Sueder Sommerpokal 2005"]
[Site "Recklinghausen GER"]
[Date "2005.08.05"]
[Round "5.2"]
[White "Viebahn, Dirk"]
[Black "Mikhaletz, Lubomir"]
[Result "0-1"]
[WhiteElo "2063"]
[BlackElo "2451"]
[PlyCount "98"]
[EventDate "2005.08.01"]
[EventType "swiss"]
[EventRounds "9"]
[EventCountry "GER"]
[Source "lmi"]
[SourceDate "2005.08.06"]

1. e4 c5 2. Nf3 d6 3. d4 cxd4 4. Nxd4 Nf6 5. Nc3 a6 6. Be3 e5 7. Nb3 Be6 8. Nd5
Nbd7 9. f3 Bxd5 10. exd5 g6 11. Qd2 Bg7 12. O-O-O Nb6 13. Qa5 Nbd7 14. Qxd8+
Kxd8 15. Kb1 h5 16. c4 b6 17. a4 Bh6 18. Bf2 Ke7 19. a5 Nc5 20. Ka2 Nxb3 21.
Kxb3 bxa5 22. c5 Rhb8+ 23. Ka2 Rb4 24. cxd6+ Kxd6 25. Be1 Ra4+ 26. Kb3 Rd4 27.
Rxd4 exd4 28. Bxa5 Nxd5 29. Bc4 Kc5 30. Bd3 Rb8+ 31. Ka3 Kc6 32. b4 Kd6 33.
Bxa6 Bd2 34. Bc4 Nxb4 35. Bxb4+ Bxb4+ 36. Ka4 f5 37. Bf7 g5 38. Bxh5 d3 39. Bg6
d2 40. Bxf5 Ke5 41. Bg4 Bc3 42. g3 Kd4 43. f4 Re8 44. Rd1 Kc4 45. Bf3 Re7 46.
Bd5+ Kxd5 47. Kb3 Kd4 48. fxg5 Rb7+ 49. Ka2 Kc4 0-1

[Event "15. Sueder Sommerpokal 2005"]
[Site "Recklinghausen GER"]
[Date "2005.08.05"]
[Round "5.3"]
[White "Bakhmatov, Eduard"]
[Black "Jähnisch, Frank"]
[Result "1-0"]
[WhiteElo "2373"]
[BlackElo "2241"]
[PlyCount "41"]
[EventDate "2005.08.01"]
[EventType "swiss"]
[EventRounds "9"]
[EventCountry "GER"]
[Source "lmi"]
[SourceDate "2005.08.06"]

1. e4 e6 2. Nf3 d5 3. Nc3 Nf6 4. e5 Nfd7 5. d4 c5 6. dxc5 Nc6 7. Bf4 Bxc5 8.
Bd3 f6 9. exf6 Qxf6 10. Bg3 O-O 11. O-O Nd4 12. Nxd4 Bxd4 13. Qd2 Nc5 14. Rad1
Nxd3 15. Qxd3 Bc5 16. Nxd5 Qxb2 17. Nc7 Rb8 18. Nb5 Ra8 19. Rb1 Qxa2 20. Nc7
Rb8 21. Qc3 1-0

[Event "15. Sueder Sommerpokal 2005"]
[Site "Recklinghausen GER"]
[Date "2005.08.05"]
[Round "5.4"]
[White "Bubolz, Konstantin"]
[Black "Eismont, Igor"]
[Result "0-1"]
[WhiteElo "2019"]
[BlackElo "2292"]
[PlyCount "74"]
[EventDate "2005.08.01"]
[EventType "swiss"]
[EventRounds "9"]
[EventCountry "GER"]
[Source "lmi"]
[SourceDate "2005.08.06"]

1. d4 d6 2. c4 e5 3. Nf3 e4 4. Nfd2 f5 5. Nc3 Nf6 6. e3 c6 7. Qb3 g6 8. Be2 Bh6
9. g4 O-O 10. h4 Bg7 11. g5 Nfd7 12. f3 c5 13. d5 exf3 14. Nxf3 Ne5 15. Bd2
Nxf3+ 16. Bxf3 Nd7 17. O-O-O Ne5 18. Be2 Rb8 19. Rdg1 a6 20. h5 Bd7 21. hxg6
hxg6 22. a4 Qc7 23. Qd1 b5 24. Qf1 bxa4 25. Nd1 a3 26. bxa3 Rb3 27. Bc3 Qb6 28.
Qh3 Rxc3+ 29. Nxc3 Qb3 30. e4 f4 31. Qh7+ Kf7 32. Nd1 Qxa3+ 33. Kd2 Qb4+ 34.
Kc2 Ba4+ 35. Kc1 Bxd1 36. Kxd1 Rb8 37. Bh5 Qb1+ 0-1

[Event "15. Sueder Sommerpokal 2005"]
[Site "Recklinghausen GER"]
[Date "2005.08.05"]
[Round "5.5"]
[White "Michalicek, Roland"]
[Black "Hortsch-Stoyanov, Peter"]
[Result "0-1"]
[WhiteElo "1733"]
[BlackElo "2263"]
[PlyCount "88"]
[EventDate "2005.08.01"]
[EventType "swiss"]
[EventRounds "9"]
[EventCountry "GER"]
[Source "lmi"]
[SourceDate "2005.08.06"]

1. e4 e5 2. Nf3 Nf6 3. Nxe5 d6 4. Nf3 Nxe4 5. d4 d5 6. Bd3 Be7 7. Nbd2 Nf6 8.
O-O O-O 9. Ne5 c5 10. c3 Nc6 11. Ndf3 Ne4 12. dxc5 Bxc5 13. Qe2 Re8 14. Bxe4
Nxe5 15. Bxh7+ Kxh7 16. Nxe5 Qf6 17. Qh5+ Kg8 18. Nd3 Bb6 19. Be3 d4 20. Bxd4
Bxd4 21. cxd4 Qxd4 22. Rfe1 Rxe1+ 23. Rxe1 Be6 24. Re3 Rd8 25. h3 Bxa2 26. Qb5
Bc4 27. Re8+ Rxe8 28. Qxe8+ Kh7 29. Ne5 Qxb2 30. Qe7 Qc1+ 31. Kh2 Qf4+ 32. Kg1
Bd5 33. Nxf7 Bxf7 34. Qxb7 a5 35. Qe7 Bg6 36. g4 Qf6 37. Qe3 a4 38. f4 Qa1+ 39.
Kf2 Qb2+ 40. Ke1 Qb1+ 41. Kd2 Qc2+ 42. Ke1 Qb3 43. Qe7 Qg3+ 44. Kd2 Qxf4+ 0-1